Mariano Marcos State University

University Library System

Work ethic of implements and the social impact of the nonformal education program in Region I (Record no. 9767)

MARC details
000 -LEADER
fixed length control field 00606nam a22001697a 4500
003 - CONTROL NUMBER IDENTIFIER
control field OSt
005 - DATE AND TIME OF LATEST TRANSACTION
control field 20171010095523.0
008 - FIXED-LENGTH DATA ELEMENTS--GENERAL INFORMATION
fixed length control field 120816t xxu||||| |||| 00| 0 eng d
040 ## - CATALOGING SOURCE
Original cataloging agency MMSU
Transcribing agency ULS
100 ## - MAIN ENTRY--PERSONAL NAME
Personal name Balguna, Clarita C.
9 (RLIN) 12234
245 ## - TITLE STATEMENT
Title Work ethic of implements and the social impact of the nonformal education program in Region I
Statement of responsibility, etc. Clarita C. Balguna
260 ## - PUBLICATION, DISTRIBUTION, ETC.
Date of publication, distribution, etc. 1992
300 ## - PHYSICAL DESCRIPTION
Extent xx, 167 leaves
Dimensions 28 cm.
500 ## - GENERAL NOTE
General note Thesis (Ed.D. Educational Management) -- Mariano Marcos State University-Graduate School, Laoag City
504 ## - BIBLIOGRAPHY, ETC. NOTE
Bibliography, etc. note Bibliography: leaves 131-137
942 ## - ADDED ENTRY ELEMENTS (KOHA)
Source of classification or shelving scheme
Koha item type Thesis/Dissertation
Holdings
Withdrawn status Lost status Source of classification or shelving scheme Damaged status Not for loan Home library Current library Date acquired Total Checkouts Barcode Date last seen Price effective from Koha item type Public note
          REF REF 08/16/2012   378-Gr 10/10/2017 10/10/2017 Thesis/Dissertation Library Use only

© 2023 Mariano Marcos State University. All Rights Reserved.

Powered by Koha